ÇALINAN MEKTUP (Record no. 1145263)

MARC details
000 -LEADER
sabit uzunluktaki kontrol alanı 00243nam a2200097Ia 4500
001 - KONTROL NUMARASI
kontrol alanı 1145263
005 - EN SON İŞLEMİN TARİH VE ZAMANI
kontrol alanı 20250827010229.0
008 - SABİT-UZUNLUKTA VERİ ÖĞELERİ--GENEL BİLGİ
sabit uzunluktaki kontrol alanı 250824s9999 xx 000 0 und d
245 #0 - ESER / YAZAR
ESER ADI ÇALINAN MEKTUP
Yazar Adı EDGAR ALLAN POE
260 ## - YAYIN, DAĞITIM, VB.
YAYIN EVİ KETEBE YAYINLARI
Holdings
Düşüm durumu Kayıp durumu Hasar Durumu Ödünç verilmez Ana kütüphane Geçerli Kütüphane Edinilen tarih Toplam ödünç verme sayısı Barkod Son görüntüleme tarihi Fiyatın geçerli olmaya başladığı tarih Koha materyal türü
        BUHARA KÜTÜPHANESİ (İKRA’R HAFIZLIK KIZ KUR’AN KURSU) BUHARA KÜTÜPHANESİ (İKRA’R HAFIZLIK KIZ KUR’AN KURSU) 24.08.2025   10961832 27.08.2025 27.08.2025 Books